Sports Quiz

Random Sports or NHL Quiz
Score 0/100 Timer 15:00
0 Plays Today
Rank Player % Correct
1Sidney Crosby
98.3%
2Evgeni Malkin
96.7%
3Steven Stamkos
94.4%
5Henrik Sedin
93.9%
6Daniel Sedin
93.9%
4Zdeno Chara
93.1%
8Pavel Datsyuk
89.4%
15Alexander Ovechkin
88.8%
30Patrick Kane
87.4%
7Shea Weber
87.2%
9Jonathan Quick
86.5%
13Corey Perry
85.6%
10Henrik Lundqvist
85.5%
27Jonathan Toews
85.3%
24Rick Nash
84.1%
28Henrik Zetterberg
83.4%
29Anze Kopitar
82.8%
17Claude Giroux
82.2%
34Eric Staal
81.9%
58Jordan Staal
81.8%
20John Tavares
80.7%
52Ryan Getzlaf
79.6%
33Martin St. Louis
79.5%
36Joe Thornton
79.4%
12Kris Letang
78.2%
42Zach Parise
75.9%
46Jarome Iginla
75.4%
55Phil Kessel
74.8%
11Ilya Kovalchuk
74.6%
16Tim Thomas
74.6%
98Patrice Bergeron
74.2%
56Martin Brodeur
74%
35Roberto Luongo
73.6%
37Marc-Andre Fleury
73.5%
Rank Player % Correct
41Duncan Keith
73.4%
31Brad Richards
73.1%
83Mike Richards
73%
26Marian Hossa
72.6%
44Drew Doughty
71.9%
22Erik Karlsson
71.2%
72Taylor Hall
71.2%
71Patrick Marleau
70.9%
19Pekka Rinne
70.5%
49Jason Spezza
70.4%
18Marian Gaborik
70.4%
63Nicklas Backstrom
69%
68Ryan Kesler
68.3%
90Daniel Alfredsson
66.2%
54Brent Seabrook
65.3%
70Nicklas Lidstrom
64.9%
78Tyler Seguin
63.9%
59Patrick Sharp
63.8%
39James Neal
63.5%
99Jamie Benn
62.4%
51Ryan Suter
61.2%
64Patrik Elias
61%
14Jaroslav Halak
58.8%
32Jimmy Howard
57.9%
25Dustin Byfuglien
57.8%
45Mike Smith
57.5%
65Jordan Eberle
57.5%
60Bobby Ryan
56.8%
53Dion Phaneuf
56.6%
62P.K. Subban
56.1%
86Ryan Miller
55.9%
40Alex Pietrangelo
55.8%
82Thomas Vanek
54.4%
75Milan Lucic
53.6%
Rank Player % Correct
100Ryan Nugent-Hopkins
52.6%
80Jack Johnson
51%
91Teemu Selanne
50.7%
48Chris Pronger
49.9%
57Dan Boyle
48.8%
79Matt Duchene
47%
67Niklas Kronwall
46.1%
23Brian Campbell
45.7%
38Loui Eriksson
45.3%
21Brian Elliott
45.2%
47Miikka Kiprusoff
45.1%
76Scott Hartnell
44.9%
50Alexander Edler
44.6%
66Matt Moulson
40.9%
43Mark Streit
40.5%
85Keith Yandle
40.3%
77Cory Schneider
40.2%
96Jason Pominville
40.2%
93Mike Ribeiro
36.6%
69Kevin Bieksa
36.3%
73Kari Lehtonen
36%
88Dan Girardi
34.6%
74Kevin Shattenkirk
32.1%
92Sergei Gonchar
29.4%
95Brooks Orpik
26.6%
89Dan Hamhuis
24.8%
87Michael Del Zotto
24.5%
84Luke Schenn
22.8%
97P.A. Parenteau
19.3%
61Alexander Radulov
15.2%
94Matt Carle
13.9%
81Dennis Wideman
13.2%
Remove Ads.
Support Sporcle.
Get the best of Sporcle when you Go Orange. This ad-free experience offers more features, more stats, and more fun while also helping to support Sporcle. Thank you for becoming a member.

You're not logged in!

Compare scores with friends on all Sporcle quizzes.
OR
Log In

Show Comments

Extras

Created Jul 6, 2012SourceReportNominate
Tags:NHL Quiz, 2011, 2012

Top Quizzes Today


Score Distribution

Your Account Isn't Verified!

In order to create a playlist on Sporcle, you need to verify the email address you used during registration. Go to your Sporcle Settings to finish the process.

Report this User

Report this user for behavior that violates our Community Guidelines.

Details: